01131cam a2200205 a 450000100100000000500170001000800410002704000250006808200170009311100860011024500570019626000520025330000210030550001470032650400740047395201150054795201210066295201270078399900150091000001002820200929161816.0810918s1979 ve b 100 0 spa d aDO-SdBNPbspadBNPHU a928.87bB4462 aCongreso del bicentenarion(1:d1979 : 19- 21 de feb.cCaracas, Venezuela)92498310aBello y Caracas :bprimer congreso del bicentenario. aCaracas :bFundación La Casa de Bello,c1979. a473 p. ;c23 cm. aCongreso organizado por la Fundación La Casa de Bello y la Comisión Nacional para la Celebración del Bicentenario de Don Andrés Bello. aIncluye referencias bibliográficas y notas al pie de las páginas. 001050718MOaGRbGRcHDd2009-10-02iLF1l0o928.87 B446p10028-10r2020-06-25w2020-06-25y1ZNo se presta 001050718MOaGRbGRcHDd2010-04-21iLF1l0o928.87 B446p10028-20r2020-06-25te. 2w2020-06-25y1ZNo se presta 001154708MOaGRbGRcMId2017-05-22iLF1l0o928.87 B446p10028-30r2020-06-25te. 3w2020-06-25y4ZPréstamo en sala c9787d9787